00317 a2200145 450000100060000002000160000604000240002210000180004624000260006424500210009030000070011136200090011844000130012765000310014069390 a852624633-X cAnchieta - Itaigara aPuech, Michel10aA vida e a mortelpor10aA vida e a morte a390 a2002 1aScipione 4aLiteratura infanto-juvenil